000 00877nam a22002177a 4500
010 _aB-514594-608 B-523385-413
020 _a8184823843
_c225.00
020 _a9788184823844
_c225.00
035 _aB-514594-608 B-523385-413
037 _bUBH/Ven.
082 _aS
245 _aPoets and Thinkers /
_cedited by Anant pai; illustrated by Umesh Burande
260 _aMumbai
_bAmar Chitra Katha
_c2011
270 _aThe Forum, 3rd Floor, Raghuvanshi Mill Compound, S.B. Marg, Lower Parel (W)
_bMumbai
_e400013
300 _avarious pages.
_c24cm(Hb)
_bcol.ill.
500 _a5-In-1
505 _aKabir, Mirabai, Ekanath, Soordas, Narayana Guru
942 _2ddc
_cEN
_mPOE
_hS
999 _c79055
_d79055